| 000 | 00849nam a22002177a 4500 | ||
|---|---|---|---|
| 999 |
_c19232 _d19232 |
||
| 003 | AR-CdUCM | ||
| 008 | 190516b ||||| |||| 00| 0 spa d | ||
| 040 |
_aMUNICIPALIDAD PROVINCIAL DEL CUSCO _cBIBLIOTECA MUNICIPAL DEL CUSCO |
||
| 082 |
_a330.8 / _bSC29 |
||
| 100 |
_aSchumpeter, Joseph A. _940451 |
||
| 245 | _aSíntesis de la evolución de la ciencia económica y sus métodos / | ||
| 260 |
_aBarcelona : _bOccidente, _c1964. |
||
| 300 |
_a212 páginas ; _c23 cm. |
||
| 505 | _aContenido: El desarrollo de la economía política como ciencia -- El descubrimiento del circuito económico -- El sistema clásico y sus ramificaciones ... | ||
| 650 |
_aCiencia _92098 |
||
| 650 |
_aEconómica _92402 |
||
| 650 |
_aMétodos _920153 |
||
| 700 |
_aPetit Fontseré, Jorge (Traducción) _940452 |
||
| 942 |
_2ddc _cLIBROS |
||
| 945 |
_arah _d2019-05-16 |
||